[Event "Deutsche Ländermeisterschaft 2023"]
[Site "Hannover GER"]
[Date "2023.10.02"]
[Round "3"]
[White "Sereda, Yaroslava"]
[Black "Glowiak, Alexandra"]
[Result "1-0"]
[Termination "normal"]
[Board "1.6"]
[WhiteElo "1956"]
[BlackElo "1683"]
[WhiteClock "00:02:40"]
[BlackClock "00:01:33"]
[WhiteTeam "Nordrhein-Westfalen"]
[BlackTeam "Sachsen"]
[PlyCount "143"]
[WhiteFideId "14178940"]
[BlackFideId "16259530"]
[EventCountry "GER"]
[EventRounds "7"]
[EventType "team-swiss"]
[EventDate "2023.09.30"]

1. e4 {[%clk 01:30:58]} {[%emt 00:00:02]} e5 {[%clk 01:30:55]} {[%emt
00:00:05]} 2. Nf3 {[%clk 01:31:20]} {[%emt 00:00:08]} Nc6 {[%clk 01:31:21]}
{[%emt 00:00:04]} 3. Bb5 {[%clk 01:31:38]} {[%emt 00:00:11]} a6 {[%clk
01:31:43]} {[%emt 00:00:08]} 4. Ba4 {[%clk 01:32:00]} {[%emt 00:00:08]} Nf6
{[%clk 01:32:09]} {[%emt 00:00:05]} 5. Qe2 {[%clk 01:32:06]} {[%emt 00:00:24]}
b5 {[%clk 01:31:48]} {[%emt 00:00:51]} 6. Bb3 {[%clk 01:32:29]} {[%emt
00:00:06]} Be7 {[%clk 01:31:44]} {[%emt 00:00:34]} 7. c3 {[%clk 01:32:10]}
{[%emt 00:00:49]} d6 {[%clk 01:31:34]} {[%emt 00:00:40]} 8. d4 {[%clk
01:23:41]} {[%emt 00:08:59]} Bg4 {[%clk 01:28:53]} {[%emt 00:03:10]} 9. d5
{[%clk 01:17:06]} {[%emt 00:07:06]} Na5 {[%clk 01:27:55]} {[%emt 00:01:28]} 10.
Bc2 {[%clk 01:16:14]} {[%emt 00:01:22]} O-O {[%clk 01:24:20]} {[%emt 00:04:06]}
11. h3 {[%clk 01:11:06]} {[%emt 00:05:37]} Bh5 {[%clk 01:16:01]} {[%emt
00:08:49]} 12. Nbd2 {[%clk 01:03:32]} {[%emt 00:08:04]} Bxf3 {[%clk 01:03:27]}
{[%emt 00:13:04]} 13. Qxf3 {[%clk 01:01:33]} {[%emt 00:02:29]} c5 {[%clk
00:56:52]} {[%emt 00:07:04]} 14. Nf1 {[%clk 00:55:03]} {[%emt 00:07:01]} b4
{[%clk 00:50:37]} {[%emt 00:06:44]} 15. Ng3 {[%clk 00:50:41]} {[%emt 00:04:53]}
g6 {[%clk 00:38:42]} {[%emt 00:12:25]} 16. Bh6 {[%clk 00:45:22]} {[%emt
00:05:49]} Re8 {[%clk 00:39:00]} {[%emt 00:00:12]} 17. Ba4 {[%clk 00:36:45]}
{[%emt 00:09:06]} Nd7 {[%clk 00:30:42]} {[%emt 00:08:48]} 18. Nh5 {[%clk
00:24:09]} {[%emt 00:13:06]} f6 {[%clk 00:21:52]} {[%emt 00:09:20]} 19. Qg4
{[%clk 00:14:10]} {[%emt 00:10:29]} Nf8 {[%clk 00:19:30]} {[%emt 00:02:52]} 20.
Bxe8 {[%clk 00:11:43]} {[%emt 00:02:57]} Qxe8 {[%clk 00:19:50]} {[%emt
00:00:10]} 21. cxb4 {[%clk 00:10:25]} {[%emt 00:01:48]} cxb4 {[%clk 00:19:43]}
{[%emt 00:00:37]} 22. Rc1 {[%clk 00:09:04]} {[%emt 00:01:51]} Nb7 {[%clk
00:15:34]} {[%emt 00:04:39]} 23. O-O {[%clk 00:07:24]} {[%emt 00:02:10]} Nc5
{[%clk 00:15:27]} {[%emt 00:00:38]} 24. Ng7 {[%clk 00:05:29]} {[%emt 00:02:25]}
Qf7 {[%clk 00:14:37]} {[%emt 00:01:20]} 25. Nf5 {[%clk 00:05:24]} {[%emt
00:00:36]} Nfd7 {[%clk 00:10:44]} {[%emt 00:04:24]} 26. Bd2 {[%clk 00:04:24]}
{[%emt 00:01:29]} Kh8 {[%clk 00:09:51]} {[%emt 00:01:23]} 27. Nxe7 {[%clk
00:04:01]} {[%emt 00:00:54]} Qxe7 {[%clk 00:10:19]} {[%emt 00:00:01]} 28. Bxb4
{[%clk 00:02:57]} {[%emt 00:01:35]} a5 {[%clk 00:06:25]} {[%emt 00:04:24]} 29.
Bxc5 {[%clk 00:02:49]} {[%emt 00:00:37]} Nxc5 {[%clk 00:06:41]} {[%emt
00:00:14]} 30. Qe2 {[%clk 00:02:49]} {[%emt 00:00:31]} f5 {[%clk 00:06:31]}
{[%emt 00:00:40]} 31. exf5 {[%clk 00:02:16]} {[%emt 00:01:03]} gxf5 {[%clk
00:06:58]} {[%emt 00:00:03]} 32. Rc4 {[%clk 00:01:18]} {[%emt 00:01:29]} Rg8
{[%clk 00:04:18]} {[%emt 00:03:10]} 33. Kh1 {[%clk 00:01:16]} {[%emt 00:00:32]}
Qg7 {[%clk 00:03:48]} {[%emt 00:01:00]} 34. f4 {[%clk 00:00:51]} {[%emt
00:00:55]} Ne4 {[%clk 00:04:09]} {[%emt 00:00:09]} 35. Rxe4 {[%clk 00:01:01]}
{[%emt 00:00:19]} fxe4 {[%clk 00:04:38]} {[%emt 00:00:02]} 36. Qxe4 {[%clk
00:01:29]} {[%emt 00:00:01]} exf4 {[%clk 00:04:03]} {[%emt 00:01:05]} 37. b3
{[%clk 00:01:02]} {[%emt 00:00:58]} Qe5 {[%clk 00:01:06]} {[%emt 00:03:26]} 38.
Rxf4 {[%clk 00:00:50]} {[%emt 00:00:41]} Qxe4 {[%clk 00:00:42]} {[%emt
00:00:54]} 39. Rxe4 {[%clk 00:01:19]} {[%emt 00:00:01]} Rg5 {[%clk 00:00:59]}
{[%emt 00:00:13]} 40. Rd4 {[%clk 00:01:28]} {[%emt 00:00:21]} h5 {[%clk
00:00:33]} {[%emt 00:00:56]} 41. Kg1 {[%clk 00:25:35]} {[%emt 00:06:23]} Kg7
{[%clk 00:30:25]} {[%emt 00:00:38]} 42. Kf2 {[%clk 00:18:02]} {[%emt 00:08:03]}
Re5 {[%clk 00:26:46]} {[%emt 00:04:08]} 43. Kf3 {[%clk 00:16:39]} {[%emt
00:01:54]} Kg6 {[%clk 00:26:14]} {[%emt 00:01:01]} 44. a3 {[%clk 00:15:38]}
{[%emt 00:01:32]} Rf5+ {[%clk 00:21:21]} {[%emt 00:05:22]} 45. Ke3 {[%clk
00:15:24]} {[%emt 00:00:44]} Rg5 {[%clk 00:18:50]} {[%emt 00:03:01]} 46. g4
{[%clk 00:14:06]} {[%emt 00:01:48]} Re5+ {[%clk 00:18:15]} {[%emt 00:01:05]}
47. Kd3 {[%clk 00:13:56]} {[%emt 00:00:40]} h4 {[%clk 00:17:21]} {[%emt
00:01:24]} 48. Kc4 {[%clk 00:13:39]} {[%emt 00:00:47]} Re1 {[%clk 00:15:02]}
{[%emt 00:02:49]} 49. Rd3 {[%clk 00:12:18]} {[%emt 00:01:51]} Rg1 {[%clk
00:10:59]} {[%emt 00:04:32]} 50. b4 {[%clk 00:08:05]} {[%emt 00:04:44]} a4
{[%clk 00:09:46]} {[%emt 00:01:43]} 51. b5 {[%clk 00:06:56]} {[%emt 00:01:39]}
Rb1 {[%clk 00:06:48]} {[%emt 00:03:27]} 52. Re3 {[%clk 00:06:01]} {[%emt
00:01:26]} Kg5 {[%clk 00:05:50]} {[%emt 00:01:28]} 53. Re6 {[%clk 00:03:03]}
{[%emt 00:03:28]} Rb3 {[%clk 00:06:06]} {[%emt 00:00:14]} 54. Rxd6 {[%clk
00:03:19]} {[%emt 00:00:15]} Rxa3 {[%clk 00:06:20]} {[%emt 00:00:16]} 55. Ra6
{[%clk 00:00:48]} {[%emt 00:03:01]} Rxh3 {[%clk 00:06:34]} {[%emt 00:00:15]}
56. Rxa4 {[%clk 00:00:54]} {[%emt 00:00:25]} Rg3 {[%clk 00:05:03]} {[%emt
00:02:01]} 57. Kc5 {[%clk 00:00:39]} {[%emt 00:00:44]} Rxg4 {[%clk 00:02:54]}
{[%emt 00:02:39]} 58. Ra1 {[%clk 00:00:49]} {[%emt 00:00:21]} Kf6 {[%clk
00:02:42]} {[%emt 00:00:42]} 59. b6 {[%clk 00:00:50]} {[%emt 00:00:29]} Rg8
{[%clk 00:01:25]} {[%emt 00:01:45]} 60. b7 {[%clk 00:00:52]} {[%emt 00:00:29]}
Rb8 {[%clk 00:00:53]} {[%emt 00:01:02]} 61. Kc6 {[%clk 00:01:09]} {[%emt
00:00:14]} h3 {[%clk 00:00:51]} {[%emt 00:00:31]} 62. Rh1 {[%clk 00:01:15]}
{[%emt 00:00:24]} Rh8 {[%clk 00:00:57]} {[%emt 00:00:24]} 63. Rxh3 {[%clk
00:01:32]} {[%emt 00:00:14]} Rxh3 {[%clk 00:01:04]} {[%emt 00:00:22]} 64. b8=Q
{[%clk 00:01:55]} {[%emt 00:00:07]} Rc3+ {[%clk 00:01:15]} {[%emt 00:00:19]}
65. Kd6 {[%clk 00:02:17]} {[%emt 00:00:08]} Rc2 {[%clk 00:01:16]} {[%emt
00:00:29]} 66. Qh8 {[%clk 00:02:04]} {[%emt 00:00:44]} Kg6 {[%clk 00:01:29]}
{[%emt 00:00:18]} 67. Qg8 {[%clk 00:02:07]} {[%emt 00:00:27]} Kf6 {[%clk
00:01:43]} {[%emt 00:00:15]} 68. Qe6 {[%clk 00:02:25]} {[%emt 00:00:12]} Kg7
{[%clk 00:01:57]} {[%emt 00:00:16]} 69. Kd7 {[%clk 00:02:34]} {[%emt 00:00:20]}
Ra2 {[%clk 00:01:55]} {[%emt 00:00:30]} 70. d6 {[%clk 00:02:46]} {[%emt
00:00:20]} Ra7+ {[%clk 00:01:13]} {[%emt 00:01:13]} 71. Ke8 {[%clk 00:02:29]}
{[%emt 00:00:48]} Ra8+ {[%clk 00:01:33]} {[%emt 00:00:10]} 72. Ke7 {[%clk
00:02:40]} {[%emt 00:00:19]} 1-0

[Event "Deutsche Ländermeisterschaft 2023"]
[Site "Hannover GER"]
[Date "2023.10.02"]
[Round "3"]
[White "Nguyen, Jenny Ha-Linh"]
[Black "Rudolph, Eva"]
[Result "1/2-1/2"]
[Termination "normal"]
[Board "1.7"]
[WhiteElo "1591"]
[BlackElo "1793"]
[WhiteClock "00:00:58"]
[BlackClock "00:00:44"]
[WhiteTeam "Sachsen"]
[BlackTeam "Nordrhein-Westfalen"]
[PlyCount "138"]
[WhiteFideId "16209729"]
[BlackFideId "16200594"]
[EventCountry "GER"]
[EventRounds "7"]
[EventType "team-swiss"]
[EventDate "2023.09.30"]

1. e4 {[%clk 01:30:58]} {[%emt 00:00:02]} c5 {[%clk 01:30:55]} {[%emt
00:00:06]} 2. Nf3 {[%clk 01:31:21]} {[%emt 00:00:06]} e6 {[%clk 01:31:14]}
{[%emt 00:00:12]} 3. d4 {[%clk 01:31:41]} {[%emt 00:00:10]} cxd4 {[%clk
01:31:39]} {[%emt 00:00:05]} 4. Nxd4 {[%clk 01:32:00]} {[%emt 00:00:10]} a6
{[%clk 01:32:03]} {[%emt 00:00:07]} 5. Bd3 {[%clk 01:32:09]} {[%emt 00:00:20]}
Nf6 {[%clk 01:32:10]} {[%emt 00:00:24]} 6. O-O {[%clk 01:32:03]} {[%emt
00:00:34]} Qc7 {[%clk 01:31:48]} {[%emt 00:00:53]} 7. Qe2 {[%clk 01:31:35]}
{[%emt 00:00:58]} d6 {[%clk 01:32:00]} {[%emt 00:00:19]} 8. f4 {[%clk
01:30:46]} {[%emt 00:01:20]} Nbd7 {[%clk 01:24:05]} {[%emt 00:08:24]} 9. c4
{[%clk 01:27:57]} {[%emt 00:03:18]} g6 {[%clk 01:21:31]} {[%emt 00:03:05]} 10.
f5 {[%clk 01:24:14]} {[%emt 00:04:13]} e5 {[%clk 01:13:31]} {[%emt 00:08:30]}
11. Nf3 {[%clk 01:18:45]} {[%emt 00:06:00]} Bg7 {[%clk 01:11:30]} {[%emt
00:02:31]} 12. fxg6 {[%clk 01:17:03]} {[%emt 00:02:12]} hxg6 {[%clk 01:10:19]}
{[%emt 00:01:41]} 13. Nc3 {[%clk 01:15:05]} {[%emt 00:02:28]} b6 {[%clk
00:56:12]} {[%emt 00:14:37]} 14. Bg5 {[%clk 01:02:42]} {[%emt 00:12:53]} Bb7
{[%clk 00:54:23]} {[%emt 00:02:19]} 15. Rad1 {[%clk 00:56:54]} {[%emt
00:06:18]} Ng4 {[%clk 00:42:20]} {[%emt 00:12:33]} 16. Nd5 {[%clk 00:50:43]}
{[%emt 00:06:41]} Bxd5 {[%clk 00:40:38]} {[%emt 00:02:13]} 17. cxd5 {[%clk
00:50:58]} {[%emt 00:00:14]} f6 {[%clk 00:35:07]} {[%emt 00:06:01]} 18. Bd2
{[%clk 00:45:07]} {[%emt 00:06:20]} b5 {[%clk 00:31:03]} {[%emt 00:04:35]} 19.
Rc1 {[%clk 00:41:24]} {[%emt 00:04:13]} Qa7+ {[%clk 00:29:02]} {[%emt
00:02:30]} 20. Kh1 {[%clk 00:41:12]} {[%emt 00:00:42]} Nc5 {[%clk 00:26:00]}
{[%emt 00:03:32]} 21. Bb1 {[%clk 00:34:50]} {[%emt 00:06:52]} Ke7 {[%clk
00:25:43]} {[%emt 00:00:47]} 22. h3 {[%clk 00:29:42]} {[%emt 00:05:37]} Bh6
{[%clk 00:18:46]} {[%emt 00:07:27]} 23. Nh2 {[%clk 00:26:10]} {[%emt 00:04:02]}
Nxh2 {[%clk 00:16:37]} {[%emt 00:02:39]} 24. Kxh2 {[%clk 00:26:24]} {[%emt
00:00:16]} Bxd2 {[%clk 00:16:23]} {[%emt 00:00:44]} 25. Qxd2 {[%clk 00:26:50]}
{[%emt 00:00:05]} Qd7 {[%clk 00:09:56]} {[%emt 00:06:55]} 26. Qf2 {[%clk
00:25:07]} {[%emt 00:02:14]} Rhf8 {[%clk 00:10:05]} {[%emt 00:00:21]} 27. b4
{[%clk 00:22:52]} {[%emt 00:02:46]} Nb7 {[%clk 00:10:06]} {[%emt 00:00:28]} 28.
Qb6 {[%clk 00:22:33]} {[%emt 00:00:49]} Rfc8 {[%clk 00:09:51]} {[%emt
00:00:44]} 29. Qf2 {[%clk 00:14:14]} {[%emt 00:08:50]} Rf8 {[%clk 00:10:06]}
{[%emt 00:00:15]} 30. Bd3 {[%clk 00:13:11]} {[%emt 00:01:33]} Rac8 {[%clk
00:09:05]} {[%emt 00:01:29]} 31. Rxc8 {[%clk 00:12:23]} {[%emt 00:01:19]} Qxc8
{[%clk 00:09:20]} {[%emt 00:00:16]} 32. Qb6 {[%clk 00:11:52]} {[%emt 00:01:01]}
Nd8 {[%clk 00:08:15]} {[%emt 00:01:36]} 33. Rf2 {[%clk 00:09:02]} {[%emt
00:03:19]} Qb7 {[%clk 00:04:59]} {[%emt 00:03:46]} 34. Qxb7+ {[%clk 00:09:26]}
{[%emt 00:00:06]} Nxb7 {[%clk 00:05:28]} {[%emt 00:00:01]} 35. a4 {[%clk
00:09:47]} {[%emt 00:00:09]} Rb8 {[%clk 00:02:53]} {[%emt 00:03:04]} 36. Rc2
{[%clk 00:05:40]} {[%emt 00:04:38]} Nd8 {[%clk 00:01:54]} {[%emt 00:01:29]} 37.
Rc7+ {[%clk 00:04:13]} {[%emt 00:01:56]} Kf8 {[%clk 00:01:00]} {[%emt
00:01:23]} 38. axb5 {[%clk 00:04:36]} {[%emt 00:00:09]} axb5 {[%clk 00:01:20]}
{[%emt 00:00:09]} 39. Ra7 {[%clk 00:03:05]} {[%emt 00:02:01]} Nf7 {[%clk
00:01:03]} {[%emt 00:00:47]} 40. Ra5 {[%clk 00:02:49]} {[%emt 00:00:46]} Ng5
{[%clk 00:00:47]} {[%emt 00:00:46]} 41. h4 {[%clk 00:01:47]} {[%emt 00:01:31]}
Nf7 {[%clk 00:00:45]} {[%emt 00:00:32]} 42. Rxb5 {[%clk 00:00:39]} {[%emt
00:01:38]} Rc8 {[%clk 00:00:46]} {[%emt 00:00:29]} 43. Ra5 {[%clk 00:19:39]}
{[%emt 00:11:31]} Rc3 {[%clk 00:30:51]} {[%emt 00:00:24]} 44. Ba6 {[%clk
00:14:54]} {[%emt 00:05:15]} Re3 {[%clk 00:30:22]} {[%emt 00:00:59]} 45. b5
{[%clk 00:15:01]} {[%emt 00:00:23]} Rxe4 {[%clk 00:30:17]} {[%emt 00:00:35]}
46. b6 {[%clk 00:15:10]} {[%emt 00:00:21]} Rxh4+ {[%clk 00:21:02]} {[%emt
00:09:44]} 47. Kg3 {[%clk 00:15:14]} {[%emt 00:00:27]} Rb4 {[%clk 00:21:23]}
{[%emt 00:00:08]} 48. Rb5 {[%clk 00:15:01]} {[%emt 00:00:44]} Rxb5 {[%clk
00:17:55]} {[%emt 00:03:57]} 49. Bxb5 {[%clk 00:15:30]} {[%emt 00:00:02]} Nd8
{[%clk 00:18:16]} {[%emt 00:00:09]} 50. Bc6 {[%clk 00:15:39]} {[%emt 00:00:20]}
Ke7 {[%clk 00:18:23]} {[%emt 00:00:23]} 51. b7 {[%clk 00:16:01]} {[%emt
00:00:09]} Nxb7 {[%clk 00:18:42]} {[%emt 00:00:11]} 52. Bxb7 {[%clk 00:16:28]}
{[%emt 00:00:02]} f5 {[%clk 00:18:33]} {[%emt 00:00:39]} 53. Kf3 {[%clk
00:12:14]} {[%emt 00:04:45]} Kf6 {[%clk 00:17:43]} {[%emt 00:01:19]} 54. Ba6
{[%clk 00:07:18]} {[%emt 00:05:26]} e4+ {[%clk 00:16:29]} {[%emt 00:01:45]} 55.
Kf4 {[%clk 00:06:59]} {[%emt 00:00:49]} g5+ {[%clk 00:16:38]} {[%emt 00:00:21]}
56. Ke3 {[%clk 00:06:45]} {[%emt 00:00:44]} Ke5 {[%clk 00:17:02]} {[%emt
00:00:06]} 57. Bb7 {[%clk 00:05:41]} {[%emt 00:01:34]} f4+ {[%clk 00:16:05]}
{[%emt 00:01:27]} 58. Ke2 {[%clk 00:04:46]} {[%emt 00:01:24]} Kd4 {[%clk
00:12:10]} {[%emt 00:04:25]} 59. Bc6 {[%clk 00:02:57]} {[%emt 00:02:19]} g4
{[%clk 00:12:24]} {[%emt 00:00:16]} 60. Bb7 {[%clk 00:02:33]} {[%emt 00:00:54]}
e3 {[%clk 00:10:33]} {[%emt 00:02:21]} 61. Bc8 {[%clk 00:00:41]} {[%emt
00:02:22]} Kxd5 {[%clk 00:01:15]} {[%emt 00:09:48]} 62. Bxg4 {[%clk 00:01:05]}
{[%emt 00:00:06]} Kd4 {[%clk 00:01:21]} {[%emt 00:00:22]} 63. Bf3 {[%clk
00:00:50]} {[%emt 00:00:46]} d5 {[%clk 00:01:19]} {[%emt 00:00:32]} 64. Bh5
{[%clk 00:00:53]} {[%emt 00:00:27]} Ke4 {[%clk 00:00:56]} {[%emt 00:00:52]} 65.
Bg6+ {[%clk 00:01:19]} {[%emt 00:00:06]} Kd4 {[%clk 00:00:58]} {[%emt
00:00:27]} 66. Bh7 {[%clk 00:01:16]} {[%emt 00:00:34]} Kc3 {[%clk 00:00:53]}
{[%emt 00:00:33]} 67. Bg6 {[%clk 00:01:16]} {[%emt 00:00:30]} Kd4 {[%clk
00:00:42]} {[%emt 00:00:41]} 68. Bf7 {[%clk 00:00:48]} {[%emt 00:00:59]} Ke4
{[%clk 00:00:50]} {[%emt 00:00:22]} 69. Bg6+ {[%clk 00:00:58]} {[%emt
00:00:19]} Kd4 {[%clk 00:00:44]} {[%emt 00:00:37]} 1/2-1/2

[Event "Deutsche Ländermeisterschaft 2023"]
[Site "Hannover GER"]
[Date "2023.10.02"]
[Round "3"]
[White "Kovalskyy, Alicia"]
[Black "Mehner, Clara"]
[Result "1-0"]
[Termination "normal"]
[Board "1.8"]
[WhiteElo "1527"]
[BlackElo "1339"]
[WhiteClock "00:38:53"]
[BlackClock "00:37:54"]
[WhiteTeam "Nordrhein-Westfalen"]
[BlackTeam "Sachsen"]
[PlyCount "65"]
[WhiteFideId "34612130"]
[BlackFideId "34612165"]
[EventCountry "GER"]
[EventRounds "7"]
[EventType "team-swiss"]
[EventDate "2023.09.30"]

1. e4 {[%clk 01:30:58]} e6 {[%clk 01:30:54]} {[%emt 00:00:06]} 2. d4 {[%clk
01:31:25]} {[%emt 00:00:03]} d5 {[%clk 01:31:18]} {[%emt 00:00:05]} 3. Nc3
{[%clk 01:31:48]} {[%emt 00:00:07]} Nf6 {[%clk 01:31:37]} {[%emt 00:00:11]} 4.
Bg5 {[%clk 01:32:07]} {[%emt 00:00:11]} Be7 {[%clk 01:31:55]} {[%emt 00:00:12]}
5. e5 {[%clk 01:32:32]} {[%emt 00:00:06]} Nfd7 {[%clk 01:32:10]} {[%emt
00:00:15]} 6. Bxe7 {[%clk 01:32:58]} {[%emt 00:00:05]} Qxe7 {[%clk 01:32:25]}
{[%emt 00:00:14]} 7. f4 {[%clk 01:33:20]} {[%emt 00:00:08]} O-O {[%clk
01:30:01]} {[%emt 00:02:54]} 8. Nf3 {[%clk 01:33:12]} {[%emt 00:00:37]} a6
{[%clk 01:29:01]} {[%emt 00:01:31]} 9. Bd3 {[%clk 01:25:40]} {[%emt 00:08:02]}
h6 {[%clk 01:24:33]} {[%emt 00:04:57]} 10. g4 {[%clk 01:08:50]} {[%emt
00:17:20]} Re8 {[%clk 01:11:46]} {[%emt 00:13:17]} 11. g5 {[%clk 01:03:12]}
{[%emt 00:06:08]} h5 {[%clk 01:08:11]} {[%emt 00:04:05]} 12. g6 {[%clk
01:01:32]} {[%emt 00:02:11]} f6 {[%clk 01:05:40]} {[%emt 00:03:00]} 13. Nd2
{[%clk 00:55:13]} {[%emt 00:06:49]} fxe5 {[%clk 00:57:06]} {[%emt 00:09:05]}
14. Qxh5 {[%clk 00:53:31]} {[%emt 00:02:12]} Qf6 {[%clk 00:56:55]} {[%emt
00:00:40]} 15. fxe5 {[%clk 00:51:54]} {[%emt 00:02:07]} Qf4 {[%clk 00:56:01]}
{[%emt 00:01:24]} 16. Qh7+ {[%clk 00:52:12]} {[%emt 00:00:11]} Kf8 {[%clk
00:56:23]} {[%emt 00:00:09]} 17. Rf1 {[%clk 00:52:30]} {[%emt 00:00:12]} Qxf1+
{[%clk 00:55:52]} {[%emt 00:01:01]} 18. Bxf1 {[%clk 00:52:03]} {[%emt
00:00:56]} Nc6 {[%clk 00:55:07]} {[%emt 00:01:16]} 19. Qh8+ {[%clk 00:51:59]}
{[%emt 00:00:33]} Ke7 {[%clk 00:55:28]} {[%emt 00:00:10]} 20. Qxg7+ {[%clk
00:52:06]} {[%emt 00:00:23]} Kd8 {[%clk 00:55:45]} {[%emt 00:00:13]} 21. Qh6
{[%clk 00:51:36]} {[%emt 00:00:56]} Ne7 {[%clk 00:53:49]} {[%emt 00:02:29]} 22.
Bd3 {[%clk 00:49:36]} {[%emt 00:02:31]} c5 {[%clk 00:52:30]} {[%emt 00:01:49]}
23. Nf3 {[%clk 00:45:17]} {[%emt 00:04:48]} cxd4 {[%clk 00:49:41]} {[%emt
00:03:20]} 24. Ne2 {[%clk 00:45:04]} {[%emt 00:00:43]} Nc5 {[%clk 00:46:58]}
{[%emt 00:03:13]} 25. Nexd4 {[%clk 00:44:35]} {[%emt 00:00:59]} Bd7 {[%clk
00:45:46]} {[%emt 00:01:43]} 26. h4 {[%clk 00:40:04]} {[%emt 00:05:00]} Kc7
{[%clk 00:43:46]} {[%emt 00:02:29]} 27. h5 {[%clk 00:38:34]} {[%emt 00:02:01]}
Rh8 {[%clk 00:40:25]} {[%emt 00:03:50]} 28. Qg5 {[%clk 00:38:00]} {[%emt
00:01:02]} Nc6 {[%clk 00:39:57]} {[%emt 00:01:00]} 29. g7 {[%clk 00:38:09]}
{[%emt 00:00:21]} Nxd3+ {[%clk 00:40:00]} {[%emt 00:00:28]} 30. cxd3 {[%clk
00:38:34]} {[%emt 00:00:05]} Rhg8 {[%clk 00:40:15]} {[%emt 00:00:14]} 31. h6
{[%clk 00:38:49]} {[%emt 00:00:16]} Rge8 {[%clk 00:38:00]} {[%emt 00:02:46]}
32. h7 {[%clk 00:38:59]} {[%emt 00:00:20]} Ne7 {[%clk 00:37:54]} {[%emt
00:00:36]} 33. Rc1+ {[%clk 00:38:53]} {[%emt 00:00:36]} 1-0